| 000 | 01354cam a2200361 a 4500 | ||
|---|---|---|---|
| 999 |
_c1289 _d1289 |
||
| 001 | 987249 | ||
| 003 | OSt | ||
| 005 | 20230106102021.0 | ||
| 008 | 220426s2015 nyua b 000 1 eng d | ||
| 020 |
_a9780449810781 _q(paperback) : |
||
| 040 |
_aTWTCL _beng _cTWTCL _eaacr |
||
| 041 | 0 | _aeng | |
| 042 | _anbic | ||
| 082 | 0 |
_a813.6 SHA _bS531 |
|
| 100 | 1 |
_aSharmat, Marjorie Weinman, _d1928-2019. _eAuthor |
|
| 245 | 1 | 0 |
_aNate the great, where are you? / _cby Marjorie Weinman Sharmat and Mitchell Sharmat ; illustrated by Jody Wheeler in the style of Marc Simont. |
| 250 | _aFirst Yearling edition. | ||
| 264 | 1 |
_aNew York : _bYearling Book, _c2015. |
|
| 300 |
_a47, 28 pages : _bchiefly color illustration ; _c20 cm. |
||
| 336 |
_atext _btxt _2rdacontent. |
||
| 337 |
_aunmediated _bn _2rdamedia. |
||
| 338 |
_avolume _bnc _2rdacarrier. |
||
| 520 | _aNate the Great and his dog, Sludge, would like to take a break from detective work, but new cases-- cases they do not want-- await them. | ||
| 521 | _aAges 6-9. | ||
| 650 | 0 |
_aNate the Great (Fictitious character) _vJuvenile fiction. |
|
| 650 | 0 |
_aDogs _xJuvenile fiction. |
|
| 650 | 0 | _aMystery and detective stories. | |
| 653 | _aKF. | ||
| 700 | 1 |
_aSharmat, Mitchell, _d1927-2011. |
|
| 700 | 1 |
_aWheeler, Jody. _eIllustrator |
|
| 700 | 1 |
_aSimont, Marc, _d1915-2013. |
|
| 942 |
_2ddc _cNFIC |
||